| 000 | 00893nam a2200277Ia 4500 | ||
|---|---|---|---|
| 003 | OSt | ||
| 005 | 20220617164502.0 | ||
| 008 | 210716s2015 xx 000 0 und d | ||
| 020 | _a9789351109167 | ||
| 040 | _cAIMIT LIBRARY | ||
| 041 | _aeng | ||
| 082 |
_a005.82 _21 _bANTA |
||
| 100 |
_aAntonopoulos, Andreas M. _943876 |
||
| 245 |
_aMastering bitcoin : _bUnlocking digital cryptocurrencies / _cBy Andreas M. Antonopoulos |
||
| 250 | _a1st ed. | ||
| 260 |
_aNew Delhi : _bShroff Publishers and Distributors Pvt. Ltd. _c2015. |
||
| 300 |
_axxi, 272p. ; _bPB ; _c23 cm |
||
| 650 |
_aHow Bitcoin works _943877 |
||
| 650 |
_aThe Bitcoin Client _943878 |
||
| 650 |
_aKey Addresses, Wallets _943879 |
||
| 650 |
_aTransactions _943880 |
||
| 650 |
_aThe Bitcoin Network _943881 |
||
| 650 |
_aThe Blockchain _943882 |
||
| 650 |
_aBitcoin Security _943883 |
||
| 942 |
_2ddc _cBK _e1st _k005.82 ANTA |
||
| 999 |
_c195242 _d195242 |
||